000 00716 a2200205 4500
020 _a8186734635
_c75.00
035 _aB-211021
037 _bRP-PV-4 / PANSY-07-08:5 / RP-07-08:ENG
082 1 4 _aN
090 _c3702
_d3702
100 1 _aGardner, Erle Stanley
245 1 _aThe case of the Amorous Aunt
_cby Erle Stanley Gardner
260 _aBangalore
_bMaster Mind Books
_c2005r
270 _aNo. 25, Vasan Towers, Dr. TCM Royan Raod
_e560053
_k080-26705679
_mvasanbks@bgl.net.in
300 _a208 p
_c18 cm (pbk)
490 _aA perry mason mystery
500 _aThis is reprint 2005
942 _adpl
_cEN
_kN / GAR
999 _c3625
_d3625